Datum a čas kvízu
38.5
Celkem bodů
Celkový počet nahraných bodů na tomto kvízu bez doplňovacích otázek.
2.
Pořadí na kvízu
Konečné umístění týmu na tomto kvízu.
Zaznamenané odpovědi
| # | Otázka | Odpověď | Body | Výsledky |
|---|---|---|---|---|
| 1. | Pouhé modlení už nestačí. Býva... | Koláček | 1 | |
| 2. | Nedostačují Vám čísla a písmen... | smajlíky (emotikony) | 1 | |
| 3. | Svět módy přišel v úterý o svo... | C | 1 | |
| 4. | Dva obchodní řetězce ze skupin... | Billa, Penny Market | 1 | |
| 5. | Kouč Crystal Palace se stal mi... | Roy Hodgson | 0 | |
| 6. | Cestovatel Miroslav Zikmund os... | Tatra 87 | 0 | |
| 7. | Na začátku své výpravy, dne 8.... | Casablanca, Maroko | 1 | |
| 8. | Dne 28. ledna 1948 vztyčili ce... | C | 1 | |
| 9. | V prvním červencovém týdnu se... | Buenos Aires | 1 | |
| 10. | V Kongu zažili Zikmund s Hanze... | zrození sopky (Vovokvabiti) | 0 |